LEADER 00833nam a2200205 i 4500 001 000000254341 003 CaOOAMICUS 005 20170605000000.0 008 170605s1827 it u000 u ita u 013 $a233246 026 $aa,za 5.o. 0.t. loa' (7) 1827 (A) 040 $aSeMil$bita 245 10$aTomo 6. 300 $a255, [1] p., [3] c. di tav. :$bill. calcogr. 490 0 $aCompendio della Storia universale antica e moderna ;$v165 773 0 $aSégur, Louis-Philippe : de <1753-1830>$tStoria d'Italia.$dMilano : Presso Ant. Fort. Stella, 1827.$g6$w()33724 830 0$aCompendio della Storia universale antica e moderna ;$v165.$0(OLS)http://semarc/title/401073 850 $aSeMil 852 $aSeMil$W1$xVenegono$y1$m3V I 165 FA$j204687$B204687$CSeMilBibl$Z2$F218214 $8I 996 $6245$aTomo 6$9(OLS)http://semarc/title/194410 LEADER 01405nam a2200289 4500 001 000000332327 003 CaOOAMICUS 005 20190222171714.0 008 190128s2009 gw 000 u ger r 020 $a978-3-451-30263-3 040 $aSeMil$bita 100 1 $aKalloch, Christina.$0(OLS)http://semarc/name/108978 245 10$aLehrbuch der Religionsdidaktik :$bfür Studium und Praxis in ökumenischer Perspektive /$cChristina Kalloch, Stephan Leimgruber, Ulrich Schwab. 264 1$aFreiburg ; Basel ; Wien :$bHerder,$c2009. 300 $a440 p. ;$c22 cm 490 1 $aGrundlagen Theologie 650 4$aCatechesi - Metodi.$0(OLS)http://semarc/subject/44906 650 4$aDidattica - Religione.$0(OLS)http://semarc/subject/16778 700 1 $aLeimgruber, Stephan,$d<1948- >.$0(OLS)http://semarc/name/24997 700 1 $aSchwab, Ulrich.$0(OLS)http://semarc/name/108979 830 0$aGrundlagen Theologie [Heder].$0(OLS)http://semarc/title/421153 850 $aSeMil 852 $aSeMil$W1$xVenegono$y1$m2O VII 53$j213051$B224113$CSeMilBibl$Z2$F224113 $81 996 $6020$a978-3-451-30263-3$9(OLS)http://semarc/number/286397 996 $6245$aLehrbuch der Religionsdidaktik :$bfür Studium und Praxis in ökumenischer Perspektive$9(OLS)http://semarc/title/421154 996 $6264$aFreiburg ; Basel ; Wien :$bHerder$9(OLS)http://semarc/publisher/29643